000 00543nam a2200193Ia 4500
005 20250508164806.0
008 008 250505s9999 xx 000 0 eng d
037 _aTheses
040 _aFEDL
_beng
_cFEDL
041 _aeng
_2eng
084 _a370, PAN/TH
_qFEDL
100 _aPandian Cynthia
_9779177
245 0 _aLearning styles and teaching strategies in higher education
260 _c1983
300 _a193p.
546 _aPh. D. Thesis, (Madras University)
942 _cTH
_h370, PAN/TH
999 _c1391209
_d1391209